Exámenes y concursos /
Guardado en:
| Autor Principal: | |
|---|---|
| Formato: | Libro |
| Publicado: |
Buenos Aires :
Kapelusz,
1960
|
| Edición: | 2a. ed. |
| Series: | Biblioteca de Cultura Pedagógica
|
| Materias: | |
| Etiquetas: |
Agregar Etiqueta
Sin Etiquetas, Sea el primero en etiquetar este registro!
|
| LEADER | 00893nam a22002535a 4500 | ||
|---|---|---|---|
| 001 | CEM.cems005070 | ||
| 005 | 20060217000000.0 | ||
| 008 | 130507s1960##################000#0#####d | ||
| 003 | CEMS | ||
| 082 | 0 | 4 | |a 371.27 |
| 100 | 1 | |a Piobetta, J. B. | |
| 245 | 1 | 0 | |a Exámenes y concursos / |
| 250 | |a 2a. ed. | ||
| 260 | |a Buenos Aires : |b Kapelusz, |c 1960 | ||
| 300 | |a 114 p. | ||
| 490 | 0 | |a Biblioteca de Cultura Pedagógica | |
| 505 | 0 | |a Resumen hist¢rico.-Las pruebas.-El candidato.-El examinador.-La virtud de los ex menes.- | |
| 653 | |a Educacion | ||
| 653 | |a Evaluacion escolar | ||
| 653 | |a Examenes | ||
| 859 | |a CEMS |b BIB. CEMS - 11 de abril |h 371.27 |i P658a2 |p 3036.74 |t Ej.1 | ||
| 859 | |a CEMS |b BIB. CEMS - 11 de abril |h 371.27 |i P658a2 |p 3037.74 |t Ej.2 | ||
| 859 | |a CEMS |b BIB. CEMS - 11 de abril |h 371.27 |i P658a2 |p 3038.74 |t Ej.3 | ||
| 859 | |a CEMS |b BIB. CEMS - 11 de abril |h 371.27 |i P658a2 |p 3039.74 |t Ej.4 | ||
